LEADER 01107nam a2200277 4500 001 000000360502 003 CaOOAMICUS 005 20241105161819.0 008 241030s2016 it 000 u ita r 020 $a978-88-937300-9-9 040 $aSeMil$bita 100 1 $aBozzetti, Maria Rita.$0(OLS)http://semarc/name/120368 245 10$aPaesaggi di carta :$bpoesie di Natale e preghiere /$cMaria Rita Bozzetti. 264 1$aFirenze :$bFeeria,$c2016. 300 $a53 p. ;$c20 cm 490 1 $aIl granello di senapa ;$v48 541 0 $aOmaggio mons. Mario Delpini (5D IV 2/23) 830 3$aIl granello di senapa ;$v48.$0(OLS)http://semarc/title/400566 850 $aSeMil 852 $aSeMil$W1$xVenegono$y1$m5D IV 2/23$j252071$B251512$CSeMilBibl$Z2$F251512 $81 941 1 $a7 961 $aOmaggio mons. Mario Delpini 996 $6020$a978-88-937300-9-9$9(OLS)http://semarc/number/301655 996 $6245$aPaesaggi di carta :$bpoesie di Natale e preghiere$9(OLS)http://semarc/title/451011 996 $6264$aFirenze :$bFeeria$9(OLS)http://semarc/publisher/56143 LEADER 01548nam a2200325 i 4500 001 000000079653 003 CaOOAMICUS 005 20220830113926.0 008 170424s2014 it u000 u ita u 013 $a51890 020 $a978-88-7135-922-9 020 $a978-88-01-05619-8 040 $aSeMil$bita 100 1 $aTodeschini, Claudio.$0(OLS)http://semarc/name/91256 245 10$aPadre Daniele da Samarate :$bmissionario e Lebbroso per amore : Padre Daniele in un dipinto di Fra Damaso Bianchi /$cClaudio Todeschini. 260 $aGorle :$bVelar,$c2014. 260 $aTorino :$bElledici,$c2014. 300 $a45 p. :$bill. ;$c21 cm. 490 0 $aCollana blu "Messaggeri d'amore" protagonisti della fede ;$v373 600 04$aDa Samarate, Daniele .$0(OLS)http://semarc/subject/9397 830 0$aCollana blu : messaggeri d'amore, protagonisti della fede ;$v373.$0(OLS)http://semarc/title/38058 850 $aSeMil 852 $aSeMil$W1$xVenegono$y1$m5B III 40/4$j45311$B45311$CSeMilBibl$Z2$F47249 $81 961 $aOmaggio: Altro 996 $6020$a978-88-7135-922-9$9(OLS)http://semarc/number/270560 996 $6020$a978-88-01-05619-8$9(OLS)http://semarc/number/270561 996 $6245$aPadre Daniele da Samarate :$bmissionario e Lebbroso per amore : Padre Daniele in un dipinto di Fra Damaso Bianchi$9(OLS)http://semarc/title/403539 996 $6260$aTorino :$bElledici$9(OLS)http://semarc/publisher/30644 996 $6260$aGorle :$bVelar$9(OLS)http://semarc/publisher/33489